Introduction to the structure of matter. (Record no. 96319)
[ view plain ]
| 000 -LEADER | |
|---|---|
| fixed length control field | 00437nam a2200169Ia 4500 |
| 008 - FIXED-LENGTH DATA ELEMENTS--GENERAL INFORMATION | |
| fixed length control field | 210210b1989 xxu||||| |||| 00| 0 eng d |
| 020 ## - INTERNATIONAL STANDARD BOOK NUMBER | |
| International Standard Book Number | 0 471 61273 1 |
| 082 ## - DEWEY DECIMAL CLASSIFICATION NUMBER | |
| Classification number | 530 BREI |
| 100 ## - MAIN ENTRY--PERSONAL NAME | |
| Personal name | BREHM (John J) |
| 245 ## - TITLE STATEMENT | |
| Title | Introduction to the structure of matter. |
| 260 ## - PUBLICATION, DISTRIBUTION, ETC. | |
| Place of publication, distribution, etc. | NY |
| Name of publisher, distributor, etc. | John Wiley and Sons |
| Date of publication, distribution, etc. | 1989 |
| 300 ## - PHYSICAL DESCRIPTION | |
| Extent | 912,I-12 |
| 650 ## - SUBJECT ADDED ENTRY--TOPICAL TERM | |
| Topical term or geographic name entry element | Structure matter |
| 690 ## - LOCAL SUBJECT ADDED ENTRY--TOPICAL TERM (OCLC, RLIN) | |
| Topical term or geographic name as entry element | Physics |
| 700 ## - ADDED ENTRY--PERSONAL NAME | |
| Personal name | MULLIN (William J). |
| 906 ## - LOCAL DATA ELEMENT F, LDF (RLIN) | |
| a | 046929 |
| Withdrawn status | Lost status | Damaged status | Not for loan | Collection code | Home library | Current library | Shelving location | Date acquired | Source of acquisition | Cost, normal purchase price | Total Checkouts | Full call number | Barcode | Date last seen | Price effective from | Koha item type |
|---|---|---|---|---|---|---|---|---|---|---|---|---|---|---|---|---|
| St Aloysius Library | St Aloysius Library | 02/17/2021 | Meena Enterprises, Madurai. | 0.00 | 530 BREI | 046929 | 02/17/2021 | 02/17/2021 | Book |